| 000 | 00858nam a22001577a 4500 | ||
|---|---|---|---|
| 003 | OSt | ||
| 005 | 20151026143157.0 | ||
| 008 | 151026b xxu||||| |||| 00| 0 eng d | ||
| 040 | _cRUA | ||
| 082 | _aAVM PIC 2013 B110 Or.1 | ||
| 100 |
_92916 _aPICH, SREYNETH. |
||
| 245 | _aStudying on fowl pox disease of hybrid chicken meat and theirs antibodies through haemagglutination-and haemagglutination inhibitor-test at royal university of agriculture, ការសិក្សាលើជំងឺអុតរបស់មាន់សាច់កូនកាត់ និងអង់ទីគ័ររបស់តាមរយៈ HAEMAGGLUTINATION-AND HAEMAGGLUTINATION INHIBITOR-TESTនៅសាលើវិទ្យាល័យភូមិន្ទកសិកម្ម | ||
| 260 |
_aPhnom Penh _bRUA _c2013 |
||
| 300 |
_aix; 32p. _bill. _c29cm. |
||
| 942 |
_2ddc _cATMSP |
||
| 999 |
_c2734 _d2734 |
||